Score 0/136 Timer 14:00
0 Plays Today
Chapter Word % Correct
Chapter 1:
The Worst Birthday
the
99.1%
Chapter 3:
The Burrow
the
99.1%
Chapter 3:
The Burrow
the
99.1%
Chapter 4:
At Flourish and Blotts
the
99.1%
Chapter 5:
The Whomping Willow
The
99.1%
Chapter 6:
Gilderoy Lockhart
The
99.1%
Chapter 7:
Mudbloods and Murmurs
the
99.1%
Chapter 8:
The Deathday Party
the
99.1%
Chapter 8:
The Deathday Party
the
99.1%
Chapter 10:
The Rogue Bludger
the
99.1%
Chapter 10:
The Rogue Bludger
the
99.1%
Chapter 2:
Dobby's Warning
Harry
98.2%
Chapter 3:
The Burrow
Harry,
98.2%
Chapter 6:
Gilderoy Lockhart
Harry
98.2%
Chapter 7:
Mudbloods and Murmurs
Harry
98.2%
Chapter 2:
Dobby's Warning
a
97.3%
Chapter 7:
Mudbloods and Murmurs
a
97.3%
Chapter 7:
Mudbloods and Murmurs
a
97.3%
Chapter 8:
The Deathday Party
a
97.3%
Chapter 7:
Mudbloods and Murmurs
he
96.4%
Chapter 1:
The Worst Birthday
an
94.6%
Chapter 2:
Dobby's Warning
was
91%
Chapter 3:
The Burrow
''Ron,''
91%
Chapter 4:
At Flourish and Blotts
was
91%
Chapter 1:
The Worst Birthday
for
89.2%
Chapter 1:
The Worst Birthday
at
89.2%
Chapter 4:
At Flourish and Blotts
at
89.2%
Chapter 5:
The Whomping Willow
for
89.2%
Chapter 1:
The Worst Birthday
Not
87.4%
Chapter 2:
Dobby's Warning
not
87.4%
Chapter 3:
The Burrow
and
87.4%
Chapter 8:
The Deathday Party
and
87.4%
Chapter 10:
The Rogue Bludger
not
87.4%
Chapter 1:
The Worst Birthday
had
86.5%
Chapter 2:
Dobby's Warning
to
86.5%
Chapter 3:
The Burrow
to
86.5%
Chapter 4:
At Flourish and Blotts
on
86.5%
Chapter 9:
The Writing on the Wall
on
86.5%
Chapter 10:
The Rogue Bludger
had
86.5%
Chapter 10:
The Rogue Bludger
to
86.5%
Chapter 5:
The Whomping Willow
of
84.7%
Chapter 7:
Mudbloods and Murmurs
of
84.7%
Chapter 7:
Mudbloods and Murmurs
of
84.7%
Chapter 10:
The Rogue Bludger
of
84.7%
Chapter 1:
The Worst Birthday
first
82.9%
Chapter 2:
Dobby's Warning
it
82.9%
Chapter Word % Correct
Chapter 3:
The Burrow
it
82.9%
Chapter 1:
The Worst Birthday
time,
82%
Chapter 7:
Mudbloods and Murmurs
time
82%
Chapter 1:
The Worst Birthday
Privet
80.2%
Chapter 1:
The Worst Birthday
Drive.
80.2%
Chapter 4:
At Flourish and Blotts
Privet
80.2%
Chapter 4:
At Flourish and Blotts
Drive.
80.2%
Chapter 1:
The Worst Birthday
out
79.3%
Chapter 2:
Dobby's Warning
out,
79.3%
Chapter 7:
Mudbloods and Murmurs
out
79.3%
Chapter 1:
The Worst Birthday
four,
78.4%
Chapter 4:
At Flourish and Blotts
as
78.4%
Chapter 4:
At Flourish and Blotts
as
78.4%
Chapter 6:
Gilderoy Lockhart
day,
77.5%
Chapter 7:
Mudbloods and Murmurs
Lockhart
77.5%
Chapter 10:
The Rogue Bludger
Lockhart
77.5%
Chapter 4:
At Flourish and Blotts
from
76.6%
Chapter 1:
The Worst Birthday
number
75.7%
Chapter 2:
Dobby's Warning
but
75.7%
Chapter 3:
The Burrow
they
75.7%
Chapter 4:
At Flourish and Blotts
Burrow
75.7%
Chapter 6:
Gilderoy Lockhart
next
75.7%
Chapter 7:
Mudbloods and Murmurs
next
75.7%
Chapter 1:
The Worst Birthday
argument
74.8%
Chapter 3:
The Burrow
could
74.8%
Chapter 1:
The Worst Birthday
over
73.9%
Chapter 7:
Mudbloods and Murmurs
over
73.9%
Chapter 8:
The Deathday Party
over
73.9%
Chapter 1:
The Worst Birthday
breakfast
72.1%
Chapter 5:
The Whomping Willow
too
72.1%
Chapter 3:
The Burrow
window
71.2%
Chapter 4:
At Flourish and Blotts
Life
71.2%
Chapter 4:
At Flourish and Blotts
life
71.2%
Chapter 1:
The Worst Birthday
broken
69.4%
Chapter 3:
The Burrow
so
69.4%
Chapter 4:
At Flourish and Blotts
different
69.4%
Chapter 7:
Mudbloods and Murmurs
days
69.4%
Chapter 7:
Mudbloods and Murmurs
few
68.5%
Chapter 7:
Mudbloods and Murmurs
Gilderoy
68.5%
Chapter 2:
Dobby's Warning
shout
66.7%
Chapter 10:
The Rogue Bludger
Professor
65.8%
Chapter 2:
Dobby's Warning
close
64%
Chapter 7:
Mudbloods and Murmurs
lot
64%
Chapter 7:
Mudbloods and Murmurs
saw
64%
Chapter 5:
The Whomping Willow
Harry's
63.1%
Chapter 7:
Mudbloods and Murmurs
spent
63.1%
Chapter Word % Correct
Chapter 4:
At Flourish and Blotts
possible
61.3%
Chapter 5:
The Whomping Willow
came
61.3%
Chapter 3:
The Burrow
up
60.4%
Chapter 5:
The Whomping Willow
summer
57.7%
Chapter 3:
The Burrow
bars.
56.8%
Chapter 7:
Mudbloods and Murmurs
down
55.9%
Chapter 10:
The Rogue Bludger
class.
55.9%
Chapter 9:
The Writing on the Wall
going
55%
Chapter 9:
The Writing on the Wall
here?''
55%
Chapter 3:
The Burrow
through
54.1%
Chapter 5:
The Whomping Willow
end
54.1%
Chapter 5:
The Whomping Willow
quickly
54.1%
Chapter 5:
The Whomping Willow
liking.
54.1%
Chapter 9:
The Writing on the Wall
''What's
54.1%
Chapter 10:
The Rogue Bludger
brought
54.1%
Chapter 7:
Mudbloods and Murmurs
sight
53.2%
Chapter 7:
Mudbloods and Murmurs
corridor.
53.2%
Chapter 2:
Dobby's Warning
thing.
52.3%
Chapter 7:
Mudbloods and Murmurs
whenever
52.3%
Chapter 8:
The Deathday Party
into
52.3%
Chapter 10:
The Rogue Bludger
Since
52.3%
Chapter 10:
The Rogue Bludger
pixies,
52.3%
Chapter 10:
The Rogue Bludger
creatures
52.3%
Chapter 7:
Mudbloods and Murmurs
coming
51.4%
Chapter 2:
Dobby's Warning
managed
50.5%
Chapter 3:
The Burrow
talk
48.6%
Chapter 10:
The Rogue Bludger
live
46.8%
Chapter 8:
The Deathday Party
castle.
43.2%
Chapter 3:
The Burrow
breathed
42.3%
Chapter 3:
The Burrow
pushing
41.4%
Chapter 5:
The Whomping Willow
vacation
40.5%
Chapter 6:
Gilderoy Lockhart
once.
38.7%
Chapter 8:
The Deathday Party
October
38.7%
Chapter 8:
The Deathday Party
grounds
38.7%
Chapter 7:
Mudbloods and Murmurs
dodging
36.9%
Chapter 6:
Gilderoy Lockhart
however,
35.1%
Chapter 6:
Gilderoy Lockhart
barely
33.3%
Chapter 6:
Gilderoy Lockhart
grinned
33.3%
Chapter 8:
The Deathday Party
arrived,
33.3%
Chapter 8:
The Deathday Party
chill
31.5%
Chapter 8:
The Deathday Party
damp
27%
Chapter 3:
The Burrow
creeping
24.3%
Chapter 10:
The Rogue Bludger
escape
24.3%
Chapter 8:
The Deathday Party
spreading
23.4%
Remove Ads.
Support Sporcle.
Get the best of Sporcle when you Go Orange. This ad-free experience offers more features, more stats, and more fun while also helping to support Sporcle. Thank you for becoming a member.

You're not logged in!

Compare scores with friends on all Sporcle quizzes.
OR
Log In

Show Comments

Extras

Top Quizzes Today


Score Distribution

Your Account Isn't Verified!

In order to create a playlist on Sporcle, you need to verify the email address you used during registration. Go to your Sporcle Settings to finish the process.

Report this User

Report this user for behavior that violates our Community Guidelines.

Details: